Stikhi.

Bibliographic Details
Main Author: Pushkin, Aleksandr Sergeevich, 1799-1837
Format: Book
Language:Russian
Published: Moskva : Gos. idz-vo. Detskoi lit-ry, 1962.
Series:Shkolnaia biblioteka dlia nerusskikh shkol.

MARC

Tag First Indicator Second Indicator Subfields
LEADER 00000cam a2200000 4500
001 in00000042837
005 20151007064902.0
008 760116s1962 ru a 00000 rusrd
035 |a (OCoLC)01932138 
035 |9 AAE0826AM 
040 |a GYG  |c GYG  |d TXA  |d UtOrBLW 
049 |a TXAM  |c [1207338] 
090 |a PG3340  |b .A17 1962 
100 1 |a Pushkin, Aleksandr Sergeevich,  |d 1799-1837. 
245 1 0 |a Stikhi. 
264 1 |a Moskva :  |b Gos. idz-vo. Detskoi lit-ry,  |c 1962. 
300 |a 31 unnumbered pages :  |b illustrations ;  |c 20 cm. 
336 |a text  |b txt  |2 rdacontent 
337 |a unmediated  |b n  |2 rdamedia 
338 |a volume  |b nc  |2 rdacarrier 
490 1 |a Shkolnaia biblioteka dlia nerusskikh shkol 
500 |a In Cyrillic characters. 
500 |a "Dlia nachalnoi shkoly." 
830 0 |a Shkolnaia biblioteka dlia nerusskikh shkol. 
999 |a MARS 
999 f f |s 7fc1f1ef-e75f-3e54-b5d4-9c56096e0a8d  |i bffd358b-17ed-30f6-bdbe-5c10089b423b  |t 0 
952 f f |p ric  |a Texas A&M University  |b Rellis Campus  |c Joint Library Facility  |s JLF  |d Remote Storage  |t 0  |e PG3340 .A17 1962  |h Library of Congress classification  |i unmediated -- volume  |m A14803621381 
998 f f |a PG3340 .A17 1962  |t 0  |l Remote Storage